000
00204 a2200097 4500
001
8403
090
_c
6773
_d
6773
100
_a
Bacon, T
245
_a
Francis Bacon selections (Transfered to SOA)
260
_b
Oxford
942
_a
NUST-CAE
999
_c
243476
_d
243476